Le clericalisme (Record no. 48538)

MARC details
000 -LEADER
campo de control de longitud fija 00586nam a22001935i 4500
001 - NÚMERO DE CONTROL
campo de control 48538
003 - IDENTIFICADOR DE NÚMERO DE CONTROL
campo de control ES-MaACL
005 - FECHA Y HORA DE LA ÚLTIMA TRANSACCIÓN
campo de control 20230906161753.0
007 - CAMPO FIJO DE DESCRIPCIÓN FÍSICA--INFORMACIÓN GENERAL
campo de control de longitud fija t|
008 - DATOS DE LONGITUD FIJA--INFORMACIÓN GENERAL
campo de control de longitud fija 950724s1880 fr ||||1| fre d
040 ## - FUENTE DE CATALOGACIÓN
Centro catalogador/agencia de origen CAM
Lengua de catalogación spa
Centro/agencia transcriptor CAM
100 1# - ENTRADA PRINCIPAL--NOMBRE DE PERSONA
Nombre de persona Depasse, Hector.
9 (RLIN) 43751
245 13 - MENCIÓN DEL TÍTULO
Título Le clericalisme
Resto del título : sa définition, ses principes, ses forces, ses dangers, ses remedes /
Mención de responsabilidad, etc. H. Depasse.
250 ## - MENCION DE EDICION
Mención de edición 2e éd. rev. et corr.
260 ## - PUBLICACIÓN, DISTRIBUCIÓN, ETC.
Lugar de publicación, distribución, etc. Paris :
Nombre del editor, distribuidor, etc. Maurice Dreyfous,
Fecha de publicación, distribución, etc. 1880 (
Fabricante Lagny)
300 ## - DESCRIPCIÓN FÍSICA
Extensión XI, 346 p. ;
Dimensiones 18 cm.
852 ## - LOCALIZACIÓN
Ubicación ES-MaACL
Número de control de estantería D-3215
852 ## - LOCALIZACIÓN
Ubicación ES-MaACL
Número de control de estantería G-7395
Holdings
Estatus retirado Estado de pérdida Estado de daño No para préstamo Colección Biblioteca de origen Biblioteca actual Ubicación en estantería Fecha de adquisición Fuente de adquisición Total de préstamos Signatura topográfica completa Código de barras Visto por última vez Precio de reemplazo Tipo de ítem Koha
        Libros del s. XIX Biblioteca del Ateneo de Madrid Biblioteca del Ateneo de Madrid Depósito 2 17/01/2008     G-7395 1051082 23/02/2023 23/02/2023 Libro impreso antiguo
        Libros del s. XIX Biblioteca del Ateneo de Madrid Biblioteca del Ateneo de Madrid Sala Valle Inclán 17/01/2008     D-3215 901051081 23/02/2023 23/02/2023 Libro impreso antiguo